kku e-library facility

Review of Medical Microbiology and Immunology (Record no. 160)

MARC details
000 -LEADER
fixed length control field 00437nam a2200145 4500
005 - DATE AND TIME OF LATEST TRANSACTION
control field 20260217092701.0
008 - FIXED-LENGTH DATA ELEMENTS--GENERAL INFORMATION
fixed length control field 260217b |||||||| |||| 00| 0 eng d
020 ## - INTERNATIONAL STANDARD BOOK NUMBER
International Standard Book Number 9780071845748
100 ## - MAIN ENTRY--PERSONAL NAME
Personal name Levinson Warren
245 ## - TITLE STATEMENT
Title Review of Medical Microbiology and Immunology
Statement of responsibility, etc. /Warren Levinson
250 ## - EDITION STATEMENT
Edition statement 14th ed
260 ## - PUBLICATION, DISTRIBUTION, ETC.
Place of publication, distribution, etc. United States of America;
Name of publisher, distributor, etc. McGraw-Hill Companies;
Date of publication, distribution, etc. 2016
300 ## - PHYSICAL DESCRIPTION
Extent ix, 821p. ill;
Dimensions 27.5cm
942 ## - ADDED ENTRY ELEMENTS (KOHA)
Source of classification or shelving scheme Library of Congress Classification
Suppress in OPAC No
Koha item type Books

No items available.

©2025 All rights reserved. KKU